Inovačný manažment vo vybranom podniku služieb bakalárska práca
Enregistré dans:
| Auteur principal: | |
|---|---|
| Collectivité auteur: | |
| Autres auteurs: | |
| Format: | Livre |
| Langue: | slovaque |
| Publié: |
Bratislava
2012
|
| Tags: |
Pas de tags, Soyez le premier à ajouter un tag!
|
MARC
| LEADER | 00000nbm a2200000 4500 | ||
|---|---|---|---|
| 001 | 0154465 | ||
| 005 | 20161109111845.9 | ||
| 041 | 0 | |a slo | |
| 044 | |a SK | ||
| 245 | 1 | 0 | |a Inovačný manažment vo vybranom podniku služieb |b bakalárska práca |c Monika Méryová ; školiteľ: Dorota Lattová |
| 264 | 1 | |a Bratislava |c 2012 | |
| 300 | |a 51 s. | ||
| 100 | 1 | |a Méryová, Monika | |
| 700 | 1 | |a Lattová, Dorota | |
| 710 | 2 | |a Obchodná fakulta EU. Katedra služieb a cestovného ruchu - zrušené | |